|
|
|
|
| LEADER |
00000nab a2200000 a 4500 |
| 001 |
vtls000855261 |
| 003 |
SK-MaSNL |
| 005 |
20260304115508.0 |
| 008 |
250429c2003 xo 0 slo |
| 015 |
|
|
|a SNBRB2004/01-01464
|
| 035 |
|
|
|a CLN000206916
|
| 035 |
|
|
|a urn:nbn:sk:snk-ab7hdm
|
| 035 |
|
|
|a (urnnbn)urn:nbn:sk:snk:ar-005sj5
|
| 035 |
|
|
|a (uuid)4453f447-7371-4f3e-97b8-40ef78cd0982
|
| 040 |
|
|
|a SNKBUCL
|b slo
|c SNKBUCL
|e AACR2
|
| 041 |
0 |
|
|a slo
|
| 044 |
|
|
|a xo
|c SK
|
| 080 |
|
|
|a 930.25-051
|2 1997
|
| 080 |
|
|
|a 929 Rákoš, Emil
|2 1997
|
| 100 |
1 |
|
|a Kartous, Peter,
|d 1943-
|4 aut
|9 100853
|
| 245 |
1 |
0 |
|a Na rozlúčku s kolegom a priateľom PhDr. Elemírom Rákošom, PhD.
|c Peter Kartouš
|
| 600 |
1 |
7 |
|a Rákoš, Elo,
|d 1935-2003
|2 snkbucl
|9 199718
|
| 655 |
|
7 |
|a články z novín a časopisov
|2 snkbucl
|9 267496
|
| 773 |
0 |
|
|t Slovenská archivistika
|g Roč. 38, č. 2 (2003), s. 226-228
|x 0231-6722
|
| 850 |
|
|
|a Slovenská národná knižnica
|
| 852 |
|
|
|a Slovenská národná knižnica
|
| 954 |
|
|
|a odborná, vedecká literatúra pôvodná (slovenská)
|2 lita
|
| 958 |
|
|
|a article7
|
| 958 |
|
|
|a BX
|
| 958 |
|
|
|a OND
|
| 958 |
|
|
|a EUIPO
|
| 992 |
|
|
|a RBX
|
| 999 |
|
|
|c 2876166
|d 2878096
|